The Valar (The Silmarillion) - Statistics

General Stats
  • This quiz has been taken 53 times
  • The average score is 11 of 15
Answer Stats
Description Vala Valië % Correct
The Elder King Manwë
97%
The Dark Lord Melkor
97%
Lord of the Sea Ulmo
91%
The Doomsman Mandos
85%
Builder of Dwarves Aulë
82%
The Great Rider Oromë
82%
Planter of Trees Yavanna
82%
Great Strength Tulkas
76%
Queen of Stars Varda
76%
Master of Dreams Lórien
65%
Lady of Mourning Nienna
59%
The Gentle Estë
47%
The Ever Young Vána
47%
Great Speed Nessa
41%
The Weaver Vairë
35%
No matching quizzes found
Score Distribution
Percent of People with Each Score
Percentile by Number Answered
Your Score History
You have not taken this quiz